000 00290nam a2200121Ia 4500
008 230801s9999||||xx |||||||||||||| ||und||
082 _a823.92
_bV316
100 _aVarma, Pavan K
245 0 _a When loss is gain
260 _aNew Delhi
_bRain Tree
_c2012
300 _a206 p.
942 _cBK
999 _c27128
_d27128